200 Biggest World Cities on a Map - Statistics

General Stats
  • This quiz has been taken 8,585 times
    302 since last reset
  • The average score is 142 of 200
Answers on the Map
Answers color-coded by a green-red scale on the quiz's map according to % correct below.
 
Answer Stats
Population City % Correct
22,600,000 New York
96%
15,400,000 London
95%
17,400,000 Los Angeles
95%
7,000,000 Madrid
95%
25,600,000 Mexico City
95%
6,700,000 Miami
95%
11,600,000 Paris
95%
7,700,000 San Francisco
95%
9,800,000 Chicago
94%
8,100,000 Dallas
94%
19,100,000 Moscow
94%
3,450,000 Rome
94%
4,625,000 Seattle
94%
4,950,000 Barcelona
93%
4,700,000 Berlin
93%
7,850,000 Boston
93%
23,200,000 Cairo
93%
7,550,000 Houston
93%
17,000,000 Buenos Aires
92%
16,200,000 İstanbul
92%
12,200,000 Lima
92%
6,350,000 Manchester
92%
13,600,000 Rio de Janeiro
92%
6,350,000 Saint Petersburg
92%
8,300,000 Toronto
92%
3,325,000 Vancouver
92%
8,800,000 Washington DC
92%
5,200,000 Cape Town
91%
36,900,000 Delhi
91%
5,850,000 Detroit
91%
15,100,000 Johannesburg
91%
3,475,000 Kyïv
91%
6,550,000 Milan
91%
5,050,000 Phoenix
91%
8,600,000 Santiago
91%
5,250,000 Ankara
90%
3,575,000 Athens
90%
6,250,000 Atlanta
90%
29,800,000 Jakarta
90%
7,650,000 Philadelphia
90%
22,700,000 São Paulo
90%
42,300,000 Shànghăi
90%
5,300,000 Sydney
90%
41,300,000 Tōkyō
90%
4,400,000 Algiers
89%
27,100,000 Manila
89%
28,100,000 Mumbai
89%
17,200,000 Tehrān
89%
21,800,000 Bĕijīng
88%
4,100,000 Birmingham
88%
10,800,000 Bogotá
88%
3,875,000 Caracas
88%
6,650,000 Dubai
88%
21,900,000 Lagos
88%
4,675,000 Montréal
88%
3,250,000 San Diego
88%
8,000,000 Baghdād
87%
22,400,000 Bangkok
87%
3,900,000 Brasília
87%
3,950,000 Denver
87%
23,700,000 Dhaka
87%
18,100,000 Kolkata
87%
4,025,000 Orlando
87%
4,500,000 Casablanca
86%
17,700,000 Ōsaka
86%
4,950,000 Addis Ababa
85%
6,350,000 Alexandria
85%
3,225,000 Frankfurt
85%
7,550,000 Hanoi
85%
5,450,000 Melbourne
85%
7,150,000 Nairobi
85%
7,900,000 Riyadh
85%
25,400,000 Seoul
85%
8,150,000 Singapore
85%
4,050,000 Damascus
84%
14,700,000 Ho Chi Minh City
84%
21,800,000 Karāchi
84%
16,900,000 Kinshasa
84%
3,275,000 Minneapolis
84%
3,500,000 Rotterdam
84%
73,600,000 Guăngzhōu
83%
4,825,000 Kuwait City
83%
3,400,000 Ṣan'ā'
83%
5,150,000 Tampa
83%
3,050,000 Tel Aviv
83%
7,500,000 Hong Kong
82%
9,750,000 Kuala Lumpur
82%
4,375,000 Dakar
81%
3,400,000 Guatemala City
81%
5,450,000 Kābul
81%
4,425,000 Medellín
81%
3,150,000 Port-au-Prince
81%
3,050,000 P'yŏngyang
81%
3,725,000 Baku
80%
3,575,000 Brisbane
80%
6,000,000 Guadalajara
80%
15,000,000 Lāhore
80%
10,400,000 Luanda
80%
7,400,000 Khartoum
79%
6,300,000 Monterrey
79%
3,950,000 Santo Domingo
79%
10,200,000 Taipei
79%
12,900,000 Wŭhàn
79%
6,300,000 Ammān
78%
6,900,000 Dar es Salaam
78%
7,050,000 Accra
77%
15,300,000 Bangalore
77%
5,000,000 Colombo
77%
13,700,000 Xī'ān
77%
13,300,000 Chennai
76%
13,200,000 Chóngqìng
76%
4,000,000 Jeddah
76%
10,500,000 Nagoya
76%
3,175,000 Abuja
75%
3,950,000 Busan
74%
4,075,000 Tashkent
74%
18,300,000 Chéngdū
72%
3,050,000 Cleveland
72%
12,100,000 Hyderābād
72%
5,350,000 Kampala
72%
3,225,000 Kathmandu
72%
3,250,000 Antananarivo
71%
10,200,000 Ahmedabad
70%
5,350,000 Belo Horizonte
70%
3,025,000 İzmir
70%
5,950,000 Bamako
69%
3,025,000 Phnom Penh
69%
11,800,000 Tiānjīn
69%
4,900,000 Yangon
69%
4,075,000 Napoli
67%
14,700,000 Hángzhōu
66%
15,800,000 Xiàmén
66%
7,300,000 Abidjan
65%
3,550,000 Ouagadougou
65%
4,100,000 Recife
65%
3,000,000 Cali
64%
4,000,000 Conakry
63%
3,975,000 Durban
63%
5,550,000 Kano
63%
5,150,000 Ürümqi
63%
3,900,000 Yaoundé
63%
8,250,000 Pune
62%
9,750,000 Nánjīng
61%
3,400,000 Salvador
61%
3,425,000 Guayaquil
60%
3,950,000 Porto Alegre
60%
6,000,000 Surabaya
60%
3,825,000 Fortaleza
59%
3,100,000 Lusaka
59%
7,900,000 Qīngdăo
59%
5,600,000 Harbin
58%
7,050,000 Bandung
57%
4,650,000 Jaipur
57%
11,600,000 Chángshā
56%
5,150,000 Chittagong
55%
8,400,000 Sūrat
55%
10,500,000 Zhèngzhōu
55%
4,375,000 Puebla
54%
3,475,000 Iṣfahān
53%
5,550,000 Dàlián
52%
8,250,000 Héféi
52%
6,950,000 Kūnmíng
52%
8,950,000 Shĕnyáng
52%
4,875,000 Fúzhōu
51%
3,525,000 Mashhad
49%
4,300,000 Medan
48%
3,950,000 Douala
47%
4,200,000 Faisalābād
47%
4,325,000 Lucknow
47%
3,000,000 Dammam
46%
3,475,000 Ibadan
45%
7,750,000 Níngbō
45%
3,375,000 Curitiba
44%
8,100,000 Shàntóu
44%
5,600,000 Nánníng
43%
6,950,000 Jìnán
40%
5,800,000 Rāwalpindi
39%
7,100,000 Wēnzhōu
39%
5,300,000 Chángchūn
37%
3,625,000 Nāgpur
37%
3,250,000 Campinas
36%
3,750,000 Kānpur
34%
6,600,000 Shíjiāzhuāng
34%
6,300,000 Tàiyuán
33%
3,650,000 Lánzhōu
32%
3,875,000 Indore
31%
3,000,000 Patna
31%
3,150,000 Coimbatore
29%
5,350,000 Guìyáng
29%
4,050,000 Zībó
27%
5,250,000 Nánchāng
26%
4,725,000 Línyí
25%
3,575,000 Gujrānwāla
23%
3,575,000 Nántōng
22%
3,825,000 Luòyáng
21%
3,475,000 Bhilai
20%
3,225,000 Xúzhōu
19%
3,375,000 Wéifāng
18%
3,000,000 Hándān
10%
3,275,000 Jiāngyīn
8%
No matching quizzes found
Score Distribution
Percent of People with Each Score
Percentile by Number Answered
Your Score History
You have not taken this quiz since the last reset